Vida e Mímesis

Shranjeno v:
Bibliografske podrobnosti
Glavni avtor: Lima, Luiz Costa (autor)
Format: Knjiga
Jezik:portugalščina
Izdano: Río de Janeiro Editora Nova Fronteira S. A 1995
Izdaja:1a. ed
Serija:Editora, 34
Teme:
Oznake: Označite
Brez oznak, prvi označite!

MARC

LEADER 00000cam a2200000 a 4500
001 UCF8122
003 CL-VaPUC
008 130802e19950000bl |||||||||||||||||por|d
020 |a 8573260122 
082 0 4 |a 801.95  |b LIM  |2 21 
100 |a Lima, Luiz Costa  |e autor  |9 570197 
245 1 0 |a Vida e Mímesis 
250 |a 1a. ed 
300 |a 335 p 
942 |c BK 
945 |d 20130802 12:08:00  |a dcastane 
260 |a Río de Janeiro  |b Editora Nova Fronteira S. A  |c 1995 
650 7 |a MIMESIS EN LA LITERATURA  |2 CL-VaPUC  |9 570196 
650 0 |a Crítica literaria   |9 269189 
650 0 |a Historia y crítica   |9 257407 
583 |a last modification  |c 20130802 12:08:00  |k Rodrigo Vera 
490 0 |a Editora, 34 
999 |c 352777  |d 352775 
952 |0 0  |1 0  |4 0  |6 801_950000000000000_LIM_1995  |7 0  |8 A  |9 457438  |a BIBART  |b BIBART  |d 2019-11-22  |i 4991389  |o 801.95 LIM 1995  |p 4991389  |r 2025-03-13  |w 2019-11-22  |y BK  |k ART